Measuring risk preferences of rice farmers in Nueva Ecija, Philippines : an experimental approach /

Bibliographic Details
Main Author: Sillers, Donald A.
Format: Thesis Microform Book
Language:English
Published: [Place of publication not identified] : [publisher not identified] ; 1980.
Subjects:

MARC

Tag First Indicator Second Indicator Subfields
LEADER 00000cam a2200000 a 4500
001 in00000015140
005 20151007053003.0
007 he amb|||||||
008 880603r19811980miua bb 00010 eng d
035 |a (OCoLC)18036050 
035 |9 AAA9950AM 
040 |a TXA  |c TXA  |d UtOrBLW 
043 |a a-ph--- 
049 |a TXAI 
099 |a fiche  |a C  |a 6959 
100 1 |a Sillers, Donald A. 
245 1 0 |a Measuring risk preferences of rice farmers in Nueva Ecija, Philippines :  |b an experimental approach /  |c by Donald Arthur Sillers, III. 
264 1 |a [Place of publication not identified] :  |b [publisher not identified] ;  |c 1980. 
300 |a viii, 246 leaves :  |b illustrations 
336 |a text  |b txt  |2 rdacontent 
337 |a microform  |b h  |2 rdamedia 
338 |a microfiche  |b he  |2 rdacarrier 
502 |b Ph. D.  |c Yale University  |d 1980. 
504 |a Bibliography: leaves 238-246. 
533 |a Microfiche.  |b Ann Arbor, Mich. :  |c University Microfilms International,  |d 1981.  |e 3 microfiches ; 11 x 15 cm. 
500 |a Microform. 
650 0 |a Farmers  |z Philippines  |z Nueva Ecija (Province)  |x Psychology. 
650 0 |a Farmers  |z Philippines  |z Nueva Ecija (Province)  |x Economic conditions. 
650 0 |a Risk-taking (Psychology) 
999 |a MARS 
999 f f |s f3130bb7-45a9-32ea-8d0a-85bfde224b3f  |i e74e7a9e-fed4-3a5d-ae7f-c0bc216a4126  |t 0 
952 f f |p normal  |a Texas A&M University  |b College Station  |c Sterling C. Evans Library  |d Evans: Microforms (3rd floor)  |t 0  |e fiche C 6959  |h Other scheme  |i microform -- microfiche  |m A14823025319 
998 f f |a fiche C 6959  |t 0  |l Evans: Microforms (3rd floor)